<?xml version="1.0" encoding="UTF-8"?>
<record
    xmlns:xsi="http://www.w3.org/2001/XMLSchema-instance"
    xsi:schemaLocation="http://www.loc.gov/MARC21/slim http://www.loc.gov/standards/marcxml/schema/MARC21slim.xsd"
    xmlns="http://www.loc.gov/MARC21/slim">

  <leader>01083nam0a22003131  4500</leader>
  <controlfield tag="001">RU\NLR\INFOCOMM_116\5000066448</controlfield>
  <controlfield tag="005">20250613091419.0</controlfield>
  <datafield tag="035" ind1=" " ind2=" ">
    <subfield code="a">(NLR Aleph) 009107968</subfield>
  </datafield>
  <datafield tag="090" ind1=" " ind2=" ">
    <subfield code="a">8142466</subfield>
    <subfield code="c">8142466</subfield>
  </datafield>
  <datafield tag="100" ind1=" " ind2=" ">
    <subfield code="a">20090203d1970    |||y0rusy50      ca</subfield>
  </datafield>
  <datafield tag="101" ind1="0" ind2=" ">
    <subfield code="a">eng</subfield>
  </datafield>
  <datafield tag="102" ind1=" " ind2=" ">
    <subfield code="a">RU</subfield>
  </datafield>
  <datafield tag="105" ind1=" " ind2=" ">
    <subfield code="a">a   ||||000|y</subfield>
  </datafield>
  <datafield tag="200" ind1="1" ind2=" ">
    <subfield code="a">&#x88;The &#x89;correlation study of turbulent diffusion in magnetic plasma</subfield>
    <subfield code="f">A. B. Berezin, D. G. Buliginsky, M. I. Vildjunas</subfield>
    <subfield code="g">USSR Acad. of sciences. A. F. Ioffe physico-techn. inst.</subfield>
  </datafield>
  <datafield tag="210" ind1=" " ind2=" ">
    <subfield code="a">Leningrad</subfield>
    <subfield code="d">1970</subfield>
  </datafield>
  <datafield tag="215" ind1=" " ind2=" ">
    <subfield code="a">[1], 7 &#x441;.</subfield>
    <subfield code="c">&#x433;&#x440;&#x430;&#x444;&#x438;&#x43A;.</subfield>
    <subfield code="d">20 &#x441;&#x43C;</subfield>
  </datafield>
  <datafield tag="309" ind1=" " ind2=" ">
    <subfield code="a">&#x41E;&#x442;&#x43F;&#x435;&#x447;. &#x43C;&#x43D;&#x43E;&#x436;&#x438;&#x442;. &#x430;&#x43F;&#x43F;&#x430;&#x440;&#x430;&#x442;&#x43E;&#x43C;</subfield>
  </datafield>
  <datafield tag="320" ind1=" " ind2=" ">
    <subfield code="a">&#x411;&#x438;&#x431;&#x43B;&#x438;&#x43E;&#x433;&#x440;.: &#x441;. 7</subfield>
  </datafield>
  <datafield tag="686" ind1=" " ind2=" ">
    <subfield code="a">&#x424;&#x437;-1770 [&#x412;333.473]</subfield>
    <subfield code="2">rubbk</subfield>
  </datafield>
  <datafield tag="700" ind1=" " ind2="1">
    <subfield code="a">Berezin</subfield>
    <subfield code="b">A. B.</subfield>
    <subfield code="4">070</subfield>
  </datafield>
  <datafield tag="701" ind1=" " ind2="1">
    <subfield code="9">z01790</subfield>
    <subfield code="a">Bulyginskij</subfield>
    <subfield code="b">D. G.</subfield>
    <subfield code="4">070</subfield>
  </datafield>
  <datafield tag="701" ind1=" " ind2="1">
    <subfield code="9">z02790</subfield>
    <subfield code="a">Vil'd&#x17E;junas</subfield>
    <subfield code="b">M. I.</subfield>
    <subfield code="4">070</subfield>
  </datafield>
  <datafield tag="790" ind1=" " ind2="1">
    <subfield code="9">z01701</subfield>
    <subfield code="a">Buliginsky</subfield>
    <subfield code="b">D. G.</subfield>
    <subfield code="4">070</subfield>
  </datafield>
  <datafield tag="790" ind1=" " ind2="1">
    <subfield code="9">z02701</subfield>
    <subfield code="a">Vildjunas</subfield>
    <subfield code="b">M. I.</subfield>
    <subfield code="4">070</subfield>
  </datafield>
  <datafield tag="801" ind1=" " ind2="1">
    <subfield code="a">RU</subfield>
    <subfield code="b">NLR</subfield>
    <subfield code="c">20090203</subfield>
  </datafield>
  <datafield tag="801" ind1=" " ind2="0">
    <subfield code="a">RU</subfield>
    <subfield code="b">NLR</subfield>
    <subfield code="g">PSBO</subfield>
  </datafield>
  <datafield tag="852" ind1=" " ind2=" ">
    <subfield code="a">NLR</subfield>
    <subfield code="j">&#x424;&#x437;01 &#x414;-4/139</subfield>
  </datafield>
  <datafield tag="942" ind1=" " ind2=" ">
    <subfield code="c">BOOK</subfield>
  </datafield>
  <datafield tag="980" ind1=" " ind2=" ">
    <subfield code="a">NB</subfield>
  </datafield>
  <datafield tag="995" ind1=" " ind2=" ">
    <subfield code="5">2013-10-26</subfield>
    <subfield code="b">NLR01</subfield>
    <subfield code="c">NLR01</subfield>
    <subfield code="e">IF</subfield>
    <subfield code="f">9107968-10</subfield>
    <subfield code="k">&#x424;&#x437;01 &#x414;-4/139</subfield>
    <subfield code="o">0</subfield>
    <subfield code="r">BOOK</subfield>
    <subfield code="s">01_4139</subfield>
  </datafield>
</record>
